Responses for Show #2905 - Friday, March 28, 1997

Contestants

[<< previous game]

Michael Cahill, an attorney from Brightwaters, New York

George Miller, a radio broadcaster and writer from Northfield, Massachusetts

Spencer Parker, a recent college graduate from East Brunswick, New Jersey (whose 1-day cash winnings total $12,801)

[next game >>]

Jeopardy! Round responses

ALBUQUERQUE
SOCIOLOGY
BREAKFAST FOODS
WORLD WAR I
CRAZY PHRASES
CELEBRITY SPOUSES
    $100 19
First

George
    $100 10
Shelter

Michael
    $100 17
Muffins

George
    $100 1
Lusitania

Spencer
    $100 9
loon

Michael
    $100 6
Paul Newman

Michael
    $200 20
U.S. Route 66

Spencer
    $200 11
(G: What are benefits?)

Kids

SpencerGeorge
    $200 18
Grapefruit

Spencer
    $200 2
Fourteen Points

Spencer
    $200 13
Rocker

Michael
    $200 7
Jim Carrey

Spencer
    $300 22
Microsoft

George
    $300 14
Patriarchy

Michael
    $300 23
Waffles

George
    $300 3
Ottoman Empire

Spencer
    $300 24
Marbles

Spencer
    $300 8
Dennis Quaid

George
    $400 25
Rio Grande

George
    $400 15
(G: no response)

"Bible Belt"

SpencerGeorge
    $400 29
Cream cheese

George
    $400 4
Treaty of Versailles

Spencer
    $400 27
Fruitcake

George
    $400 12
Tom Hanks

George
    $500 26
Hot air balloons

George
    $500 21
Civil disobedience

Spencer
    $500 30
Muesli

George
    $500 5
Flanders Fields

Triple Stumper
    $1,000 28
(G: What is something having to do with hats?)

"Mad as a hatter"

George
    $500 16
David Bowie

George

Scores at the first commercial break (after clue 15):

Spencer George Michael
$1,800 $100 $800

Scores at the end of the Jeopardy! Round:

Spencer George Michael
$3,000 $2,600 $800

Double Jeopardy! Round responses

AFRICAN HISTORY
THE BODY HUMAN
ROCK MUSIC
U.S. GOVERNMENT
WINDMILLS
BOOKS & AUTHORS
    $200 7
South Africa

George
    $200 13
(G: What is the heel?)

Ankle

SpencerGeorge
    $200 4
Paul Simon

Michael
    $200 14
Robert F. Kennedy

Spencer
    $200 25
Electric

Spencer
    $200 1
Stephen King

Michael
    $400 12
Islam

George
    $400 21
(S: What is the spine?)

Sternum/breastbone

SpencerGeorge
    $400 8
Elton John

Spencer
    $400 15
Surgeon General

Spencer
    $400 27
Moulin Rouge

George
    $400 2
U.S. Civil War

Michael
    $600 19
Ethiopia

George
    $600 23
(G: What are adenoids?)

Tonsils

GeorgeMichael
    $600 9
Cyndi Lauper

George
    $600 16
Secretary of State

Spencer
    $600 28
Sails

Spencer
    $600 3
Jack And Jill

George
    $800 20
Somalia

Spencer
    $1,000 24
(M: What are the kidneys?)

Liver

Michael
    $800 10
Steppenwolf

George
    $2,000 17
Pennsylvania

Spencer
    $800 29
Sir Isaac Newton

Spencer
    $800 5
Black Sunday

Michael
    $1000 22
Ghana

Spencer
    $1000 26
(M: What are trapezoids?)

Deltoid

GeorgeMichael
    $1000 11
Iron Butterfly

Michael
    $1000 18
Department of Transportation

Michael
    $1000 30
La Mancha

Triple Stumper
    $1000 6
Shel Silverstein

Triple Stumper

Scores at the end of the Double Jeopardy! Round:

Spencer George Michael
$9,800 $6,800 $3,000

[wagering suggestions for these scores]

Final Jeopardy! Round responses

FILMS OF THE '30s
(Alex: 1930s--before my time!)
(Alex: The lizard, by the way, was a Komodo dragon.)
MichaelWhat was King Kong?
$3,000
GeorgeWhat is The Jungles Of Borneo?
$3,001
SpencerWhat is King Kong?
$3,801
King Kong

Final scores:

Spencer George Michael
$13,601 $3,799 $6,000
2-day champion: $26,402 3rd place: Panasonic IQ Series Palmcorder 2nd place: Motorola StarTac Cellular Phone & Daniel Mink Radica Watches

Game dynamics:

Coryat scores:

Spencer George Michael
$8,600 $7,800 $4,000
22 R
(including 1 DD),
1 W
21 R,
5 W
(including 1 DD)
12 R,
2 W
(including 1 DD)

Combined Coryat: $20,400

[game clues] [game scores] [suggest correction]

Game tape date: 1996-12-11
The J! Archive is created by fans, for fans. Scraping, republication, monetization, and malicious use prohibited; this site may use cookies and collect identifying information. See terms. The Jeopardy! game show and all elements thereof, including but not limited to copyright and trademark thereto, are the property of Jeopardy Productions, Inc. and are protected under law. This website is not affiliated with, sponsored by, or operated by Jeopardy Productions, Inc. Join the discussion at JBoard.tv.